[Event "XXXIII Torneo A1 di Capodanno"]
[Site "Reggio nell'Emilia ITA"]
[Date "1991.01.11"]
[Round "4"]
[White "Gurevich, Mikhail N."]
[Black "Kamsky, Gata"]
[Result "1-0"]
[WhiteElo "2650"]
[BlackElo "2640"]
[PlyCount "127"]
[EventDate "1991.01.08"]

1. c4 e5 2. g3 Nc6 3. Bg2 g6 4. Nc3 Bg7 5. Rb1 a5 6. d3 d6 7. e3 f5 8. Nge2 Nf6
9. b3 O-O 10. Bb2 Bd7 11. Qd2 Rb8 12. O-O b6 13. Rbe1 Kh8 14. f4 Ng4 15. Nd5
Be6 16. h3 Nh6 17. Nec3 Qd7 18. Nb5 Rbc8 19. d4 Bxd5 20. Bxd5 Nb4 21. dxe5 dxe5
22. a3 Na6 23. fxe5 c6 24. e6 Qe7 25. Bxg7+ Qxg7 26. Nd6 Rc7 27. e4 Re7 28.
exf5 gxf5 29. Bxc6 Nc5 30. Kh2 Nxb3 31. Qg2 Nc5 32. Bd5 Nd3 33. Re3 Ne5 34. Qe2
Ng6 35. Ref3 Qf6 36. Nxf5 Nxf5 37. Rxf5 Qxf5 38. Rxf5 Rxf5 39. h4 Rg7 40. Qb2
Ne7 41. Qxb6 Rf8 42. Qd6 Kg8 43. Be4 Rc8 44. c5 Kh8 45. Qe5 Ng8 46. c6 Rcc7 47.
Qxa5 Nf6 48. Bf3 Rce7 49. Qd8+ Ng8 50. Qd4 Rc7 51. Qe5 Ra7 52. h5 Rac7 53. a4
Nh6 54. Kh3 Ng8 55. a5 Ra7 56. Be4 Rac7 57. g4 h6 58. Kg3 Rce7 59. Bg6 Rc7 60.
Bf7 Rxc6 61. e7 Nxe7 62. Qxe7 Rc3+ 63. Kh4 Rxf7 64. Qe5+ 1-0

[Event "XXXIII Torneo A1 di Capodanno"]
[Site "Reggio nell'Emilia ITA"]
[Date "1991.01.12"]
[Round "5"]
[White "Karpov, Anatoly"]
[Black "Polugaevsky, Lev"]
[Result "1/2-1/2"]
[WhiteElo "2725"]
[BlackElo "2610"]
[PlyCount "80"]
[EventDate "1991.01.08"]

1. Nf3 c5 2. c4 Nc6 3. Nc3 Nf6 4. e3 e6 5. d4 d5 6. cxd5 exd5 7. Bb5 Bd6 8. O-O
O-O 9. h3 Bf5 10. dxc5 Bxc5 11. b3 Qa5 12. Bb2 Rfd8 13. Bxc6 bxc6 14. Nd4 Bd7
15. Qf3 Bxd4 16. exd4 Re8 17. Rfe1 Rxe1+ 18. Rxe1 Ne4 19. Re2 Nxc3 20. Bxc3 Qa3
21. Qf4 h6 22. Kh2 Be6 23. Rc2 Qe7 24. Bd2 Qd7 25. Qg3 Kh7 26. Rc5 Re8 27. Bf4
Bf5 28. Ra5 Re2 29. Be3 Qb7 30. b4 Rc2 31. Bf4 a6 32. Bd6 Bg6 33. Qe3 Rb2 34.
a3 Rc2 35. Bg3 Rc4 36. f3 Rc2 37. h4 Qc8 38. Kg1 h5 39. Bf4 Ra2 40. Rc5 Qf5
1/2-1/2

[Event "XXXIII Torneo A1 di Capodanno"]
[Site "Reggio nell'Emilia ITA"]
[Date "1991.01.13"]
[Round "6"]
[White "Gurevich, Mikhail N."]
[Black "Karpov, Anatoly"]
[Result "1/2-1/2"]
[WhiteElo "2650"]
[BlackElo "2725"]
[PlyCount "55"]
[EventDate "1991.01.08"]

1. d4 Nf6 2. c4 e6 3. Nf3 b6 4. Nc3 Bb4 5. Qb3 Qe7 6. a3 Bxc3+ 7. Qxc3 Bb7 8.
g3 d6 9. Bg2 O-O 10. O-O Nbd7 11. b4 a5 12. Bb2 axb4 13. axb4 Rfc8 14. Rfd1 c5
15. Qb3 Be4 16. Bh3 d5 17. bxc5 bxc5 18. Ba3 Qe8 19. dxc5 Nxc5 20. Qe3 Nb7 21.
Nd2 Bg6 22. Bg2 Na5 23. Rdc1 Rd8 24. cxd5 Nxd5 25. Bxd5 Rxd5 26. Bb2 f6 27. Bc3
Rc8 28. Bxa5 1/2-1/2

[Event "XXXIII Torneo A1 di Capodanno"]
[Site "Reggio nell'Emilia ITA"]
[Date "1991.01.14"]
[Round "7"]
[White "Karpov, Anatoly"]
[Black "Kamsky, Gata"]
[Result "1-0"]
[WhiteElo "2725"]
[BlackElo "2640"]
[PlyCount "141"]
[EventDate "1991.01.08"]

1. c4 Nf6 2. Nc3 e6 3. Nf3 b6 4. g3 Bb7 5. Bg2 Be7 6. d4 Ne4 7. Bd2 d6 8. d5
Nxd2 9. Nxd2 e5 10. e4 Nd7 11. h4 h5 12. b4 g6 13. Bh3 a6 14. Nb3 Nf6 15. Qe2
Bf8 16. a4 Bh6 17. a5 O-O 18. O-O Bc8 19. Bg2 Rb8 20. b5 Ng4 21. axb6 cxb6 22.
bxa6 f5 23. exf5 gxf5 24. Ra3 Ra8 25. a7 Rf7 26. Nb5 Qf6 27. Na1 f4 28. Nc2 Rg7
29. Nb4 Bb7 30. Rd3 Rf8 31. Nc3 Qd8 32. Ne4 Qc7 33. Ra3 Ba8 34. Nc6 Kh8 35.
Rfa1 Rgf7 36. Kh1 Rg7 37. Rb3 Rgf7 38. Raa3 Kg8 39. Qe1 Kh8 40. Kg1 Rf5 41. Qb4
fxg3 42. fxg3 Bc1 43. Ra1 Be3+ 44. Kh1 Nf2+ 45. Nxf2 Bc5 46. Qd2 Rxf2 47. Qh6+
Qh7 48. Qxh7+ Kxh7 49. Rbb1 Rg8 50. Rf1 Rxg3 51. Rxf2 Bxf2 52. Rf1 Bc5 53. Rf8
Rg8 54. Be4+ Kg7 55. Rf5 Rh8 56. Bf3 Bf2 57. Bxh5 Bxh4 58. Rf7+ Kh6 59. Be2 Kg5
60. Kg2 Rg8 61. Ne7 Re8 62. Rf5+ Kh6 63. Rh5+ Kg7 64. Nf5+ Kf6 65. Nxh4 Re7 66.
Rf5+ Kg7 67. Rg5+ Kf6 68. Rg6+ Kf7 69. Rxd6 Rxa7 70. Rxb6 Ra2 71. Kf2 1-0

[Event "XXXIII Torneo A1 di Capodanno"]
[Site "Reggio nell'Emilia ITA"]
[Date "1991.01.16"]
[Round "9"]
[White "Gurevich, Mikhail N."]
[Black "Polugaevsky, Lev"]
[Result "1/2-1/2"]
[WhiteElo "2650"]
[BlackElo "2610"]
[PlyCount "95"]
[EventDate "1991.01.08"]

1. d4 Nf6 2. c4 e6 3. Nc3 Bb4 4. e3 O-O 5. Nge2 d5 6. a3 Be7 7. cxd5 Nxd5 8.
Qc2 Nd7 9. e4 Nxc3 10. Nxc3 c5 11. d5 Bf6 12. dxe6 fxe6 13. Be3 Bd4 14. Bxd4
cxd4 15. Nb5 Ne5 16. Rd1 Bd7 17. Rxd4 Qb6 18. Rd6 Rac8 19. Qd2 Qc5 20. Nc3 Rxf2
21. Qxf2 Qxd6 22. Be2 b6 23. O-O Qc5 24. Qxc5 Rxc5 25. Kf2 Kf7 26. Ke3+ Ke7 27.
g3 a5 28. Rd1 g5 29. Rh1 h6 30. h4 Nf7 31. hxg5 Rxg5 32. Kf4 Bc6 33. Rh2 Rc5
34. Bh5 Ne5 35. Be2 Nf7 36. Rh1 Rg5 37. Rc1 Nd6 38. Rh1 e5+ 39. Kf3 Rg6 40. Rh5
Nf7 41. Bc4 Ng5+ 42. Ke3 Kd6 43. Rh1 Ne6 44. Bxe6 Kxe6 45. Kf3 Rf6+ 46. Ke3 Rg6
47. Kf3 Rf6+ 48. Ke3 1/2-1/2

[Event "XXXIII Torneo A1 di Capodanno"]
[Site "Reggio nell'Emilia ITA"]
[Date "1991.01.18"]
[Round "11"]
[White "Kamsky, Gata"]
[Black "Gurevich, Mikhail N."]
[Result "1/2-1/2"]
[WhiteElo "2640"]
[BlackElo "2650"]
[PlyCount "105"]
[EventDate "1991.01.08"]

1. e4 d6 2. d4 Nf6 3. Nc3 g6 4. Be3 c6 5. Qd2 b5 6. f3 Bg7 7. Bh6 Bxh6 8. Qxh6
b4 9. Nd1 Qa5 10. Bd3 Ba6 11. Bxa6 Qxa6 12. Ne2 Nbd7 13. Ne3 Rb8 14. b3 Rb5 15.
Nc4 d5 16. exd5 cxd5 17. Nb2 e6 18. O-O Ke7 19. c4 bxc3 20. Nxc3 Rb6 21. Nca4
Rc6 22. Qd2 Rhc8 23. Rac1 Rxc1 24. Rxc1 Rxc1+ 25. Qxc1 Ne8 26. Qd2 Nd6 27. Nd3
Qb5 28. g4 h5 29. h3 hxg4 30. hxg4 Nb8 31. Ne5 Nc6 32. Nxc6+ Qxc6 33. Nc5 Qb6
34. Kg2 a5 35. a3 Nc8 36. Qc3 Na7 37. Qd2 Nc6 38. Qe3 Qa7 39. Qg5+ Ke8 40. Qf4
Qb8 41. Qxb8+ Nxb8 42. Kf2 Nc6 43. Ke3 g5 44. Nd3 f6 45. b4 axb4 46. axb4 Na7
47. f4 gxf4+ 48. Nxf4 Ke7 49. Nh3 Nb5 50. g5 e5 51. gxf6+ Kxf6 52. dxe5+ Kxe5
53. Ng5 1/2-1/2

[Event "XXXIII Torneo A1 di Capodanno"]
[Site "Reggio nell'Emilia ITA"]
[Date "1991.01.20"]
[Round "13"]
[White "Andersson, Ulf"]
[Black "Kamsky, Gata"]
[Result "1/2-1/2"]
[WhiteElo "2640"]
[BlackElo "2640"]
[PlyCount "29"]
[EventDate "1991.01.08"]

1. Nf3 Nf6 2. c4 e6 3. g3 d5 4. d4 g6 5. Bg2 Bg7 6. O-O O-O 7. Nc3 a6 8. Ne5 c6
9. Qd3 b5 10. cxd5 exd5 11. Bg5 h6 12. Bd2 Nfd7 13. f4 Bb7 14. e3 c5 15. Rfc1
1/2-1/2